00742nam a2200217u 450000100060000000300080000600500170001400800390003103500190007004000240008904100080011308200210012110000630014224500690020526000520027430000290032650400190035594200120037499900170038695201210040326806BD-RjUL20211209051053.0140323s1931 nyuacfh 001 0aeng a(BD-RjUL)26877 aDLCcCarPdDLCbeng aeng a954.21bSTA 19311 aSteffens, Joseph Lincoln,d1866- [from old catalog]98240004aThe autobiography of lincoln Steffens /cJoseph Lincoln Steffens aNew York :bHarcourt, Brace and company,cc1931 a884 p. :bill. ;c23 cm. aincludes index 2ddccBK c26806d26806 00102ddc40728NFICaRUCLbRUCLcReadingd2014-03-23l0o954.21 STA 1931r2014-03-23 00:00:00tC-1w2014-03-23yBK